000 00627nam a2200277Ia 4500
005 20260401122356.0
008 008 250103s9999 xx 000 0 eng d
020 _a9780143065333
037 _aTB
040 _aEDL
040 _beng
040 _cEDL
041 _2eng
041 _aeng
084 _a305.40954 PAU
084 _qEDL
245 0 _aSpeaking for Myself:An Anthology of aAsian Women's Writing
260 _aDelhi
260 _bPenguin Enterprise
260 _c2009
300 _a557p
942 _cTB
942 _h305.40954 PAU
999 _c1846873
_d1846873